Exercices d'oral en contexte : niveau débutant.
Сохранить в:
| Формат: | Sách giấy |
|---|---|
| Язык: | Vietnamese |
| Опубликовано: |
Paris :
Hachette Livre,
2001.
|
| Серии: | Mise en pratique.
|
| Предметы: | |
| Метки: |
Добавить метку
Нет меток, Требуется 1-ая метка записи!
|
| Thư viện lưu trữ: | Thư viện Trường Đại học Đà Lạt |
|---|
| LEADER | 00658nam a2200289 4500 | ||
|---|---|---|---|
| 001 | DLU110121076 | ||
| 005 | ##20110511 | ||
| 040 | # | # | |a DLU |b vie |
| 041 | # | # | |a vie |
| 044 | # | # | |a vn |
| 082 | # | # | |a 448.2 |b Exe |
| 245 | # | # | |a Exercices d'oral en contexte : |b niveau débutant. |
| 260 | # | # | |a Paris : |b Hachette Livre, |c 2001. |
| 300 | # | # | |a 126 p. ; |c 28 cm. |
| 490 | # | # | |a Mise en pratique. |
| 653 | # | # | |a French language |
| 923 | # | # | |a 01/2011NN |
| 991 | # | # | |a GT |
| 992 | # | # | |a 108000 |
| 994 | # | # | |a KNN |
| 900 | # | # | |a True |
| 911 | # | # | |a Nguyễn Thanh Hương |
| 925 | # | # | |a G |
| 926 | # | # | |a A |
| 927 | # | # | |a SH |
| 980 | # | # | |a Thư viện Trường Đại học Đà Lạt |